Welcome to the Holygrace Academy Library

Please use search bar below to get started

KIZHAKKUM PADINJARUM (Record no. 9064)

MARC details
000 -LEADER
fixed length control field 00334nam a22001337a 4500
082 ## - DEWEY DECIMAL CLASSIFICATION NUMBER
Classification number 894.812
Item number SRE/K
100 ## - MAIN ENTRY--AUTHOR NAME
Personal name SREE RAMAKRISHNA MADAM
245 ## - TITLE STATEMENT
Title KIZHAKKUM PADINJARUM
246 ## - VARYING FORM OF TITLE
Title proper/short title KIZHAKKUM PADINJARUM
Remainder of title KIZHAKKUM PADINJARUM
260 ## - PUBLICATION, DISTRIBUTION, ETC. (IMPRINT)
Place of publication THRISSUR
Name of publisher PRABUDHA KERALAM
Year of publication 2004
300 ## - PHYSICAL DESCRIPTION
Number of Pages 128
650 ## - SUBJECT ADDED ENTRY--TOPICAL TERM
Topical Term MALAYALAM
942 ## - ADDED ENTRY ELEMENTS (KOHA)
Koha item type Books
Holdings
Withdrawn status Lost status Collection code Home library Current library Date acquired Source of acquisition Cost, normal purchase price Full call number Accession Number Koha item type
    Non-fiction Main Library Main Library 06/02/2025 COTRIBUTION 250.00 894.812 SRE/K 13789 Books